[Event "19. Wch 2009 Veteranos"]
[Site "Condino ITA"]
[Date "2009.10.27"]
[Round "2.67"]
[White "Hajenius, Willem"]
[Black "Flotten, Erling"]
[Result "1-0"]
[WhiteElo "2025"]
[BlackElo "1840"]
[PlyCount "59"]
[EventDate "2009.10.27"]
[EventType "swiss"]
[EventRounds "11"]
[EventCountry "ITA"]
[Source "lmi"]
[SourceDate "2009.10.27"]

1. d4 Nf6 2. c4 g6 3. Nc3 d6 4. e4 Bg7 5. f4 O-O 6. Nf3 c5 7. d5 Bg4 8. Be2
Nbd7 9. O-O Bxf3 10. Bxf3 Nb6 11. Qe2 Nfd7 12. Be3 a5 13. Rad1 Rc8 14. Bg4 Rb8
15. Kh1 Nf6 16. Bf3 Nfd7 17. a3 a4 18. Bg4 Ra8 19. e5 dxe5 20. f5 Nf6 21. Bh3
Nfd7 22. d6 e6 23. fxe6 fxe6 24. Bxe6+ Kh8 25. Ne4 h6 26. Bf7 Kh7 27. Qg4 Rxf7
28. Rxf7 Rc8 29. Bxh6 Kxh6 30. Qh3+ 1-0

[Event "19. Wch 2009 Veteranos"]
[Site "Condino ITA"]
[Date "2009.10.27"]
[Round "2.75"]
[White "Zanin, Umberto"]
[Black "Andreas, Guenter"]
[Result "0-1"]
[WhiteElo "1700"]
[BlackElo "1987"]
[PlyCount "38"]
[EventDate "2009.10.27"]
[EventType "swiss"]
[EventRounds "11"]
[EventCountry "ITA"]
[Source "lmi"]
[SourceDate "2009.10.27"]

1. c4 e5 2. Nc3 Nf6 3. Nf3 e4 4. Nd4 Nc6 5. Nxc6 dxc6 6. a3 a5 7. g3 Bc5 8. e3
Bg4 9. Be2 Bh3 10. d4 exd3 11. Qxd3 Qe7 12. Bf3 O-O 13. Bd2 Rfd8 14. Qe2 Nd7
15. Na4 Ne5 16. Be4 f5 17. f4 Bg4 18. Qg2 fxe4 19. Rf1 Nd3# 0-1

[Event "19. Wch 2009 Veteranos"]
[Site "Condino ITA"]
[Date "2009.10.27"]
[Round "2.78"]
[White "Soluri, Francesco"]
[Black "Rotelli, Pietro"]
[Result "0-1"]
[WhiteElo "1542"]
[BlackElo "1979"]
[PlyCount "52"]
[EventDate "2009.10.27"]
[EventType "swiss"]
[EventRounds "11"]
[EventCountry "ITA"]
[Source "lmi"]
[SourceDate "2009.10.27"]

1. Nf3 d5 2. d4 Nf6 3. Bf4 e6 4. Nbd2 c5 5. e3 Nc6 6. h3 Qb6 7. dxc5 Bxc5 8.
Nb3 Be7 9. c3 O-O 10. Bd3 Nd7 11. Qc2 e5 12. Bxh7+ Kh8 13. Bg5 e4 14. Bxe7 Nxe7
15. Bxe4 dxe4 16. Nfd4 f5 17. O-O-O Ne5 18. Kb1 Be6 19. Nxe6 Qxe6 20. Rd2 Rad8
21. Nd4 Qb6 22. Qd1 Nd3 23. g3 Rd6 24. h4 Nd5 25. Qh5+ Rh6 26. Qd1 Nxc3+ 0-1

[Event "19. Wch 2009 Veteranos"]
[Site "Condino ITA"]
[Date "2009.10.27"]
[Round "2.80"]
[White "Pedersen, Johannes Vestergaar"]
[Black "Schwertel, Johann"]
[Result "0-1"]
[WhiteElo "1519"]
[BlackElo "1975"]
[PlyCount "92"]
[EventDate "2009.10.27"]
[EventType "swiss"]
[EventRounds "11"]
[EventCountry "ITA"]
[Source "lmi"]
[SourceDate "2009.10.27"]

1. e4 c6 2. c4 d5 3. exd5 cxd5 4. cxd5 Qxd5 5. Nc3 Qe5+ 6. Qe2 Qxe2+ 7. Bxe2 e6
8. Bb5+ Nc6 9. Nf3 Bd7 10. d4 Nf6 11. O-O a6 12. Bxc6 Bxc6 13. Ne5 Rc8 14. Be3
Nd5 15. Nxd5 Bxd5 16. Rac1 Rxc1 17. Rxc1 Be7 18. a3 f6 19. Nd3 Kd7 20. Kf1 Bd6
21. h3 Rc8 22. Rxc8 Kxc8 23. b4 Bc4 24. Ke2 b6 25. Kd2 Bd5 26. g3 Kd7 27. f4
Kc6 28. Nb2 e5 29. Kc3 e4 30. a4 b5 31. a5 g5 32. fxg5 fxg5 33. g4 Bf4 34. Kd2
Bb3 35. Ke2 Kd5 36. Bf2 Bc1 37. Nd1 Kc4 38. Ne3+ Kxd4 39. Nf5+ Kd5 40. h4 Ke5
41. hxg5 Bc4+ 42. Kd1 Bxg5 43. Bg3+ Bf4 44. Bxf4+ Kxf4 45. Nd6 Be6 46. Ne8
Bxg4+ 0-1

[Event "19. Wch 2009 Veteranos"]
[Site "Condino ITA"]
[Date "2009.10.27"]
[Round "2.84"]
[White "Filzmaier, Bruno"]
[Black "Kuhnert, Werner"]
[Result "1-0"]
[WhiteElo "1963"]
[BlackElo "1541"]
[PlyCount "59"]
[EventDate "2009.10.27"]
[EventType "swiss"]
[EventRounds "11"]
[EventCountry "ITA"]
[Source "lmi"]
[SourceDate "2009.10.27"]

1. a3 c5 2. e3 Nc6 3. d4 cxd4 4. exd4 d5 5. Nf3 e6 6. Bb5 Bd7 7. O-O Nf6 8. Qe2
Be7 9. Re1 O-O 10. c3 a6 11. Bd3 Re8 12. Nbd2 Nh5 13. Nf1 Nf6 14. Ne5 Bc8 15.
Ng3 Nxe5 16. dxe5 Nd7 17. Qg4 g6 18. Bh6 Bf8 19. Qf4 Bxh6 20. Qxh6 Qe7 21. Nh5
Qf8 22. Qg5 Qe7 23. Nf6+ Nxf6 24. exf6 Qd6 25. Re5 Qf8 26. Rae1 h6 27. Qh4 b5
28. R1e3 Ra7 29. Rh3 Kh7 30. Rh5 1-0

[Event "19. Wch 2009 Veteranos"]
[Site "Condino ITA"]
[Date "2009.10.27"]
[Round "2.85"]
[White "Fritsch, Juergen Dr"]
[Black "Lisandri, Luigi"]
[Result "1-0"]
[WhiteElo "1957"]
[BlackElo "1480"]
[PlyCount "75"]
[EventDate "2009.10.27"]
[EventType "swiss"]
[EventRounds "11"]
[EventCountry "ITA"]
[Source "lmi"]
[SourceDate "2009.10.27"]

1. e4 e5 2. Nf3 d6 3. d4 Nd7 4. c3 Ngf6 5. Qc2 Be7 6. Bc4 O-O 7. O-O Nb6 8. Bb3
exd4 9. cxd4 Be6 10. d5 Bg4 11. Nd4 Bd7 12. Bf4 Rc8 13. Qe2 Re8 14. Nc3 a6 15.
a4 Bg4 16. f3 Bd7 17. a5 Na8 18. Bc4 Rb8 19. b4 Nh5 20. Be3 Bh4 21. Qd2 Be7 22.
g4 Nf6 23. Nce2 Qc8 24. Ng3 Kh8 25. Ngf5 Bf8 26. Bg5 Ng8 27. Rae1 g6 28. Ng3
Bg7 29. h4 f6 30. Be3 Qd8 31. Ne6 Bxe6 32. dxe6 Qe7 33. h5 Qf8 34. hxg6 hxg6
35. Kg2 Nh6 36. Rh1 Kh7 37. f4 Kg8 38. e7+ 1-0

[Event "19. Wch 2009 Veteranos"]
[Site "Condino ITA"]
[Date "2009.10.29"]
[Round "3.2"]
[White "Suba, Mihai"]
[Black "Jacobsen, Bo"]
[Result "1-0"]
[WhiteElo "2501"]
[BlackElo "2321"]
[PlyCount "53"]
[EventDate "2009.10.27"]
[EventType "swiss"]
[EventRounds "11"]
[EventCountry "ITA"]
[Source "lmi"]
[SourceDate "2009.10.27"]

1. d4 Nf6 2. Nc3 g6 3. e4 d6 4. Be3 Bg7 5. Qd2 Nc6 6. Bb5 Bd7 7. Nge2 a6 8.
Bxc6 Bxc6 9. f3 h5 10. Rd1 e6 11. O-O d5 12. Bg5 Qd7 13. exd5 exd5 14. Nc1 O-O
15. Bh6 Bb5 16. Bxg7 Kxg7 17. Rfe1 Qd6 18. a4 Bd7 19. Nd3 Bf5 20. Ne5 Qb4 21.
b3 Rac8 22. Ne2 c5 23. dxc5 Qxc5+ 24. Nd4 Rfe8 25. b4 Qa7 26. c3 Be4 27. Qf2
1-0

[Event "19. Wch 2009 Veteranos"]
[Site "Condino ITA"]
[Date "2009.10.29"]
[Round "3.3"]
[White "Onoprienko, Vladimir"]
[Black "Cebalo, Miso"]
[Result "0-1"]
[WhiteElo "2324"]
[BlackElo "2500"]
[PlyCount "86"]
[EventDate "2009.10.27"]
[EventType "swiss"]
[EventRounds "11"]
[EventCountry "ITA"]
[Source "lmi"]
[SourceDate "2009.10.27"]

1. e4 c5 2. Nf3 d6 3. c3 Nf6 4. Be2 Nbd7 5. d3 b6 6. O-O Bb7 7. Nbd2 g6 8. d4
cxd4 9. cxd4 Bg7 10. e5 dxe5 11. dxe5 Nd5 12. e6 fxe6 13. Ng5 Nc7 14. Bf3 Bxf3
15. Qxf3 Nf6 16. Nde4 O-O 17. Qh3 h6 18. Nxe6 Nxe6 19. Qxe6+ Kh7 20. Nc3 Qd6
21. Qh3 Qb4 22. a3 Qb3 23. Re1 Rad8 24. Qe6 Qxe6 25. Rxe6 Rd7 26. h3 Kg8 27. a4
Rc8 28. Re2 Kf7 29. Be3 Nd5 30. Nxd5 Rxd5 31. Ra3 Rc4 32. a5 Rxa5 33. Rxa5 bxa5
34. Bxa7 a4 35. g4 Bf6 36. Be3 h5 37. g5 Be5 38. Kg2 Ke6 39. f4 Bd6 40. Kf3 Kf5
41. Rd2 Bxf4 42. Rd5+ e5 43. h4 Bxe3 0-1

[Event "19. Wch 2009 Veteranos"]
[Site "Condino ITA"]
[Date "2009.10.29"]
[Round "3.4"]
[White "Pushkov, Nikolai"]
[Black "Wahlbom, Magnus"]
[Result "1-0"]
[WhiteElo "2499"]
[BlackElo "2318"]
[PlyCount "65"]
[EventDate "2009.10.27"]
[EventType "swiss"]
[EventRounds "11"]
[EventCountry "ITA"]
[Source "lmi"]
[SourceDate "2009.10.27"]

1. Nf3 Nf6 2. c4 e6 3. Nc3 c5 4. g3 b6 5. Bg2 Bb7 6. O-O Be7 7. Re1 O-O 8. e4
d6 9. d4 cxd4 10. Nxd4 Qc8 11. Be3 a6 12. Rc1 Nbd7 13. f4 Re8 14. b3 Bf8 15.
Bf2 g6 16. h3 e5 17. fxe5 dxe5 18. Nc2 Bc5 19. Qf3 Nh5 20. Nd5 Qd8 21. Nce3
Nhf6 22. Red1 Bd4 23. Kh2 Nxd5 24. cxd5 b5 25. Rf1 Rf8 26. Be1 Rc8 27. Rxc8
Bxc8 28. Bd2 Qe7 29. Rc1 Nc5 30. Bb4 Qa7 31. Nc2 a5 32. Nxd4 axb4 33. Nc6 1-0

[Event "19. Wch 2009 Veteranos"]
[Site "Condino ITA"]
[Date "2009.10.29"]
[Round "3.6"]
[White "Arkhangelsky, Boris"]
[Black "Danner, Georg"]
[Result "1/2-1/2"]
[WhiteElo "2292"]
[BlackElo "2440"]
[PlyCount "72"]
[EventDate "2009.10.27"]
[EventType "swiss"]
[EventRounds "11"]
[EventCountry "ITA"]
[Source "lmi"]
[SourceDate "2009.10.27"]

1. e4 c5 2. Nf3 Nc6 3. d4 cxd4 4. Nxd4 Nf6 5. Nc3 d6 6. Bc4 Na5 7. Bb5+ Bd7 8.
Qe2 Rc8 9. Bg5 Bxb5 10. Qxb5+ Nd7 11. Qe2 Nc4 12. O-O h6 13. Ne6 Qa5 14. Nxf8
Nxf8 15. Bc1 Ne6 16. Nd5 Qd8 17. b3 Ne5 18. Bb2 O-O 19. Rad1 f6 20. c4 b6 21.
f4 Nd7 22. e5 fxe5 23. fxe5 Rxf1+ 24. Qxf1 dxe5 25. Qe2 Nc7 26. Qg4 h5 27. Qh3
Qe8 28. Nb4 Nf6 29. Bxe5 Ng4 30. Qg3 Rd8 31. Re1 Nxe5 32. Qxe5 Rd7 33. h3 Qg6
34. Nd5 Nxd5 35. cxd5 Kh7 36. Re3 Qf7 1/2-1/2

[Event "19. Wch 2009 Veteranos"]
[Site "Condino ITA"]
[Date "2009.10.29"]
[Round "3.7"]
[White "Kuindzhy, Alexander"]
[Black "Loktiev, Ivan"]
[Result "1-0"]
[WhiteElo "2420"]
[BlackElo "2261"]
[PlyCount "57"]
[EventDate "2009.10.27"]
[EventType "swiss"]
[EventRounds "11"]
[EventCountry "ITA"]
[Source "lmi"]
[SourceDate "2009.10.27"]

1. e4 e6 2. Qe2 c5 3. f4 Nc6 4. Nf3 Nf6 5. Nc3 d5 6. e5 Nd7 7. d3 b5 8. a3 Rb8
9. g3 Qa5 10. Bd2 b4 11. Nd1 Qc7 12. axb4 Nxb4 13. Ne3 Be7 14. Bg2 O-O 15. O-O
Nc6 16. b3 Nd4 17. Qf2 f6 18. exf6 Bxf6 19. Ra2 Nb6 20. Ng4 Nxf3+ 21. Bxf3 Bd4
22. Be3 h5 23. Bxd4 hxg4 24. Be5 Qxe5 25. fxe5 Rxf3 26. Qxc5 Rxf1+ 27. Kxf1 Rb7
28. Ke2 Rf7 29. Ra4 1-0

[Event "19. Wch 2009 Veteranos"]
[Site "Condino ITA"]
[Date "2009.10.29"]
[Round "3.8"]
[White "Grinberg, Iosif P"]
[Black "Shvedchikov, Anatoli I"]
[Result "1/2-1/2"]
[WhiteElo "2282"]
[BlackElo "2411"]
[PlyCount "93"]
[EventDate "2009.10.27"]
[EventType "swiss"]
[EventRounds "11"]
[EventCountry "ITA"]
[Source "lmi"]
[SourceDate "2009.10.27"]

1. e4 g6 2. d4 Bg7 3. Nc3 d6 4. g3 c6 5. Bg2 Nf6 6. Nge2 O-O 7. O-O d5 8. e5
Ne8 9. Nf4 Nc7 10. Re1 Nba6 11. a3 Ne6 12. Nxe6 Bxe6 13. Ne2 Bg4 14. h3 Bxe2
15. Rxe2 Nc7 16. h4 Qd7 17. Kh2 f5 18. f4 e6 19. Be3 Rfd8 20. c3 Bf8 21. Bh3 h5
22. Bg2 a5 23. Bf3 a4 24. Rg2 Qe8 25. Qd3 Rd7 26. Rag1 Rh7 27. Bd1 Ra5 28. Bd2
Ra7 29. Be3 b5 30. Be2 Na8 31. Qd1 Nb6 32. Bd3 Rac7 33. Qe2 Rcd7 34. Qf1 Nc4
35. Bxc4 dxc4 36. Qf3 Rd5 37. Rd2 Rhd7 38. Rgd1 Qd8 39. Qf2 Kf7 40. Kg2 Ke8 41.
Qe2 Qa8 42. Qf3 Kd8 43. Kf2 Kc7 44. Kg2 Qd8 45. Qf2 Kb6 46. Qf3 Kc7 47. Qf2
1/2-1/2

[Event "19. Wch 2009 Veteranos"]
[Site "Condino ITA"]
[Date "2009.10.29"]
[Round "3.9"]
[White "Klovans, Janis"]
[Black "Rooze, Jan"]
[Result "1-0"]
[WhiteElo "2408"]
[BlackElo "2253"]
[PlyCount "72"]
[EventDate "2009.10.27"]
[EventType "swiss"]
[EventRounds "11"]
[EventCountry "ITA"]
[Source "lmi"]
[SourceDate "2009.10.27"]

1. e4 e5 2. Nf3 d6 3. d4 exd4 4. Nxd4 Nf6 5. Nc3 Be7 6. Be2 O-O 7. O-O Re8 8.
f4 Bf8 9. Bf3 a5 10. Re1 Nbd7 11. Be3 c6 12. Bf2 a4 13. a3 Qc7 14. h3 Nb6 15.
Qd3 Nfd7 16. Rad1 Nc5 17. Qf1 Ne6 18. f5 Nxd4 19. Bxd4 Nd7 20. Ne2 Ne5 21. Nf4
b5 22. Qf2 Rb8 23. Qg3 b4 24. axb4 Rxb4 25. Kh1 Ba6 26. Bc3 Rbb8 27. Be2 Bxe2
28. Rxe2 Ra8 29. Nh5 Kh8 30. Ra1 Qb6 31. Rd2 Qc5 32. Rd4 a3 33. b4 Qb6 34. Rxd6
f6 35. Re6 Rxe6 36. fxe6 c5 1-0

[Event "19. Wch 2009 Veteranos"]
[Site "Condino ITA"]
[Date "2009.10.29"]
[Round "3.10"]
[White "Kraidman, Yair"]
[Black "Chernikov, Oleg"]
[Result "0-1"]
[WhiteElo "2271"]
[BlackElo "2405"]
[PlyCount "148"]
[EventDate "2009.10.27"]
[EventType "swiss"]
[EventRounds "11"]
[EventCountry "ITA"]
[Source "lmi"]
[SourceDate "2009.10.27"]

1. d4 Nf6 2. c4 c6 3. Nf3 b5 4. cxb5 cxb5 5. g3 Bb7 6. Bg2 e6 7. O-O Be7 8. Bg5
O-O 9. Nbd2 d5 10. Ne5 Nbd7 11. Nd3 h6 12. Bxf6 Nxf6 13. Nb3 Qb6 14. Nbc5 b4
15. a3 a5 16. axb4 axb4 17. Qd2 Ba6 18. Nxb4 Bxe2 19. Rxa8 Rxa8 20. Re1 Bc4 21.
Qc3 Rb8 22. Nbd3 Bxd3 23. Nxd3 Bb4 24. Nxb4 Qxb4 25. h3 Qxb2 26. Qc7 Ra8 27.
Qf4 Ra4 28. Rd1 Ra2 29. g4 Ra8 30. h4 Qb8 31. Qf3 Qd6 32. g5 hxg5 33. hxg5 Nh7
34. g6 fxg6 35. Qg4 Kf7 36. Rb1 Ra7 37. Bh3 Nf6 38. Qf3 Kg8 39. Re1 Re7 40. Qd3
Kf7 41. Qf3 Kg8 42. Qd3 e5 43. dxe5 Rxe5 44. Rxe5 Qxe5 45. Qxg6 Kf8 46. Qc2 Kf7
47. Bf5 g5 48. Qc8 Ne4 49. Qd7+ Kf6 50. Bxe4 Qxe4 51. Kf1 Ke5 52. Qf7 Qd3+ 53.
Kg2 Qe4+ 54. Kf1 Qc4+ 55. Ke1 Qb4+ 56. Ke2 Qg4+ 57. Ke1 Qe6 58. Qh5 Kd4+ 59.
Kf1 Qf5 60. Qh8+ Kc4 61. Qa8 Qb1+ 62. Kg2 Qe4+ 63. Kf1 Kb3 64. Kg1 g4 65. Qb7+
Kc2 66. Qa7 Qe1+ 67. Kg2 Qe4+ 68. Kg1 Qc4 69. Kg2 d4 70. Qg7 Kc3 71. Qxg4 d3
72. Qg7+ Kc2 73. Kf1 Kb1 74. Qh7 Kc2 0-1

[Event "19. Wch 2009 Veteranos"]
[Site "Condino ITA"]
[Date "2009.10.29"]
[Round "3.11"]
[White "Kaufman, Larry C"]
[Black "Simon, Padros Emili"]
[Result "1-0"]
[WhiteElo "2401"]
[BlackElo "2237"]
[PlyCount "52"]
[EventDate "2009.10.27"]
[EventType "swiss"]
[EventRounds "11"]
[EventCountry "ITA"]
[Source "lmi"]
[SourceDate "2009.10.27"]

1. d4 e6 2. c4 f5 3. Nf3 Nf6 4. Nc3 Bb4 5. Qb3 Qe7 6. Bg5 O-O 7. e3 b6 8. Be2
Bb7 9. O-O Bxc3 10. Qxc3 d6 11. c5 Bd5 12. Rfc1 dxc5 13. dxc5 Nbd7 14. cxb6
cxb6 15. Ne5 Nxe5 16. Qxe5 Rac8 17. a3 Qb7 18. f3 Nd7 19. Qg3 Nc5 20. Re1 Nb3
21. Rad1 Rc2 22. e4 Bc6 23. exf5 Rxf5 24. Bd3 Rxg2+ 25. Qxg2 Rxf3 26. Bc4 Nc5
1-0

[Event "19. Wch 2009 Veteranos"]
[Site "Condino ITA"]
[Date "2009.10.29"]
[Round "3.12"]
[White "Gutkin, Boris"]
[Black "Tseitlin, Mark D"]
[Result "0-1"]
[WhiteElo "2255"]
[BlackElo "2394"]
[PlyCount "86"]
[EventDate "2009.10.27"]
[EventType "swiss"]
[EventRounds "11"]
[EventCountry "ITA"]
[Source "lmi"]
[SourceDate "2009.10.27"]

1. d4 Nf6 2. c4 g6 3. Nc3 d5 4. Nf3 Bg7 5. Bg5 Ne4 6. cxd5 Nxg5 7. Nxg5 e6 8.
Qd2 h6 9. Nf3 exd5 10. e3 O-O 11. Be2 Qd6 12. O-O c6 13. Rfc1 Be6 14. Na4 a5
15. a3 Nd7 16. Nc5 Nxc5 17. dxc5 Qe7 18. Nd4 a4 19. Rab1 Bc8 20. Bd1 f5 21. Rc3
f4 22. Bc2 Qg5 23. exf4 Qxf4 24. Rd3 g5 25. g3 Qxd2 26. Rxd2 Ra5 27. Rc1 Re8
28. Bg6 Rf8 29. Kg2 Rf6 30. Bb1 Bf8 31. Rdc2 Bd7 32. Rc3 Rf7 33. Bg6 Re7 34.
Rd1 Rg7 35. Bc2 Rxc5 36. Rxc5 Bxc5 37. Bxa4 Bxd4 38. Rxd4 c5 39. Bxd7 cxd4 40.
Be6+ Kf8 41. Kf3 d3 42. Bf5 Rf7 43. g4 d4 0-1

[Event "19. Wch 2009 Veteranos"]
[Site "Condino ITA"]
[Date "2009.10.29"]
[Round "3.13"]
[White "Van Riemsdijk, Herman C"]
[Black "Sherwin, James T"]
[Result "1/2-1/2"]
[WhiteElo "2385"]
[BlackElo "2234"]
[PlyCount "191"]
[EventDate "2009.10.27"]
[EventType "swiss"]
[EventRounds "11"]
[EventCountry "ITA"]
[Source "lmi"]
[SourceDate "2009.10.27"]

1. e4 e5 2. Nf3 Nc6 3. Bb5 a6 4. Ba4 Nf6 5. O-O Be7 6. Re1 b5 7. Bb3 d6 8. c3
O-O 9. d4 Bg4 10. Be3 exd4 11. cxd4 d5 12. e5 Ne4 13. Nc3 Nxc3 14. bxc3 Qd7 15.
h3 Bh5 16. g4 Bg6 17. Bg5 Rad8 18. Qd2 Bxg5 19. Nxg5 Rde8 20. f4 h6 21. Nf3 Be4
22. Qf2 f5 23. exf6 gxf6 24. f5 Kh7 25. Nd2 Qd6 26. Nxe4 dxe4 27. Be6 b4 28.
Rxe4 bxc3 29. Rc1 Rb8 30. Rxc3 Rb4 31. Qg3 Rb1+ 32. Kg2 Rb2+ 33. Kf1 Rb1+ 34.
Kf2 Rb2+ 35. Ke1 Rb1+ 36. Kd2 Ne5 37. Kc2 Rfb8 38. Bb3 Rf1 39. Qg2 Ra1 40. Kb2
Rd1 41. Qc2 Rxd4 42. Rxc7+ Kh8 43. Rc8+ Rxc8 44. Qxc8+ Qd8 45. Qxd8+ Rxd8 46.
Kc2 Rc8+ 47. Kd2 a5 48. Ke2 Rc3 49. Re3 Rc5 50. Kf2 Kg7 51. Kg3 h5 52. gxh5 Kh6
53. Bd1 Rc1 54. Bg4 Kg5 55. Ra3 Rc5 56. Ra4 Nc4 57. Be2 Ne3 58. h4+ Kh6 59. Kf2
Nxf5 60. Rg4 Ne7 61. Re4 Nf5 62. a4 Ng7 63. Re7 Nxh5 64. Bd3 f5 65. Re6+ Kg7
66. Ra6 Nf6 67. Bb5 Nd5 68. Rxa5 Kh6 69. Ra8 Kh5 70. Be2+ Kxh4 71. a5 Kg5 72.
a6 Nc7 73. Ra7 Kf4 74. Rb7 Nd5 75. a7 Ra5 76. Bc4 Nb6 77. Rxb6 Rxa7 78. Rb5 Re7
79. Bd3 Re5 80. Rb4+ Kg5 81. Kf3 Rd5 82. Bb1 Rc5 83. Ke3 Re5+ 84. Kd4 Ra5 85.
Bd3 Kf4 86. Rb1 Kg5 87. Rf1 Ra4+ 88. Ke5 Ra5+ 89. Ke6 f4 90. Rg1+ Kh4 91. Be2
Ra3 92. Kf5 f3 93. Bf1 Ra4 94. Bb5 Rb4 95. Bc6 f2 96. Rf1 1/2-1/2

[Event "19. Wch 2009 Veteranos"]
[Site "Condino ITA"]
[Date "2009.10.29"]
[Round "3.14"]
[White "Anguera, Maestro Jaime"]
[Black "Malisov, Boris"]
[Result "0-1"]
[WhiteElo "2235"]
[BlackElo "2377"]
[PlyCount "78"]
[EventDate "2009.10.27"]
[EventType "swiss"]
[EventRounds "11"]
[EventCountry "ITA"]
[Source "lmi"]
[SourceDate "2009.10.27"]

1. Nf3 d5 2. d4 Nf6 3. e3 c6 4. c4 g6 5. Nc3 Bg7 6. Be2 O-O 7. O-O a6 8. b3 b5
9. Ne5 Bb7 10. f4 Nbd7 11. Bf3 e6 12. a3 Ne8 13. c5 f6 14. Nxd7 Qxd7 15. Bg4
Qe7 16. Bh3 Rd8 17. Ra2 Bc8 18. Raf2 Nc7 19. g4 e5 20. f5 Bh6 21. Qd3 Kg7 22.
Ne2 Bg5 23. Ng3 Rde8 24. Re2 b4 25. axb4 a5 26. dxe5 Ba6 27. Qc2 Bxe2 28. Nxe2
Qxe5 29. Nf4 Bxf4 30. Rxf4 g5 31. Rf2 axb4 32. Bf1 Qe4 33. Bd3 Qxg4+ 34. Rg2
Qh4 35. Rg3 Re4 36. Bxe4 Qxe4 37. Qb2 h6 38. Qe2 Ra8 39. Bb2 Qb1+ 0-1

[Event "19. Wch 2009 Veteranos"]
[Site "Condino ITA"]
[Date "2009.10.29"]
[Round "3.15"]
[White "Werner, Clemens"]
[Black "Hvenekilde, Jorgen"]
[Result "1/2-1/2"]
[WhiteElo "2339"]
[BlackElo "2163"]
[PlyCount "58"]
[EventDate "2009.10.27"]
[EventType "swiss"]
[EventRounds "11"]
[EventCountry "ITA"]
[Source "lmi"]
[SourceDate "2009.10.27"]

1. e4 e5 2. Nf3 d6 3. d4 exd4 4. Nxd4 Nf6 5. Nc3 Be7 6. Be2 O-O 7. O-O a6 8.
Re1 c5 9. Nf3 b5 10. Bf4 Bb7 11. Bf1 b4 12. Nd5 Nxd5 13. exd5 Bf6 14. Rb1 a5
15. c4 Na6 16. Qc2 Nc7 17. Bd3 g6 18. Nd2 Re8 19. Ne4 Be5 20. Bxe5 Rxe5 21. f4
Re8 22. Qf2 f5 23. Ng5 Qf6 24. h3 Rad8 25. Kh2 Bc8 26. Nf3 Bd7 27. Qd2 Rxe1 28.
Rxe1 Re8 29. Ra1 Rb8 1/2-1/2

[Event "19. Wch 2009 Veteranos"]
[Site "Condino ITA"]
[Date "2009.10.29"]
[Round "3.17"]
[White "Gutman, Lev"]
[Black "Wittmann, Walter"]
[Result "0-1"]
[WhiteElo "2457"]
[BlackElo "2291"]
[PlyCount "166"]
[EventDate "2009.10.27"]
[EventType "swiss"]
[EventRounds "11"]
[EventCountry "ITA"]
[Source "lmi"]
[SourceDate "2009.10.27"]

1. Nf3 Nf6 2. g3 g6 3. Bg2 d5 4. O-O Bg7 5. d4 O-O 6. c4 dxc4 7. Na3 c3 8. bxc3
c5 9. Qd2 Nc6 10. Rd1 Qa5 11. Nc4 Qa6 12. Nfe5 Nxe5 13. Nxe5 cxd4 14. cxd4 Nd7
15. Nd3 e5 16. Nb4 Qa4 17. Nd5 exd4 18. Bb2 Nb6 19. Bxd4 Bxd4 20. Qxd4 Qxd4 21.
Rxd4 Nxd5 22. Bxd5 Re8 23. Rf4 Re7 24. Rc1 Kg7 25. Re4 Rxe4 26. Bxe4 Be6 27. a3
Rc8 28. Rd1 b6 29. f4 Kf6 30. Kf2 Ke7 31. h4 h5 32. Ke3 Rc5 33. Rd4 Rc3+ 34.
Rd3 Rc4 35. Bf3 Bf5 36. Rb3 Bc2 37. Rb4 Rc5 38. Kd2 Bf5 39. e4 Bd7 40. Be2 Bc6
41. Bd3 b5 42. Rb3 Kd6 43. Ke3 f6 44. Kd4 Be8 45. Rb1 a5 46. Re1 Kc6 47. Re2
Bf7 48. Rb2 Be6 49. Rb1 Ba2 50. Ra1 Be6 51. Re1 Bf7 52. Ra1 Be6 53. Rg1 Bg4 54.
a4 b4 55. Bc4 Kd6 56. Re1 Rc7 57. e5+ Ke7 58. exf6+ Kxf6 59. Re5 Rd7+ 60. Kc5
Rc7+ 61. Kd5 Bf5 62. Re8 Bd7 63. Re1 Bxa4 64. Re6+ Kg7 65. Ra6 Be8 66. Kd4 a4
67. Ra8 Re7 68. Rb8 b3 69. Kc3 Bf7 70. Bxf7 Kxf7 71. Ra8 Re3+ 72. Kb2 Re2+ 73.
Kb1 Ra2 74. Ra6 a3 75. Rb6 Rb2+ 76. Ka1 Ke7 77. Ra6 Ra2+ 78. Kb1 Kd7 79. Rb6
Rb2+ 80. Ka1 Kc7 81. Ra6 Ra2+ 82. Kb1 Kb7 83. Ra4 Kc6 0-1

[Event "19. Wch 2009 Veteranos"]
[Site "Condino ITA"]
[Date "2009.10.29"]
[Round "3.18"]
[White "Candea, Gheorghe"]
[Black "Butnorius, Algimantas"]
[Result "1/2-1/2"]
[WhiteElo "2232"]
[BlackElo "2433"]
[PlyCount "53"]
[EventDate "2009.10.27"]
[EventType "swiss"]
[EventRounds "11"]
[EventCountry "ITA"]
[Source "lmi"]
[SourceDate "2009.10.27"]

1. e4 d6 2. Bc4 Nf6 3. d3 c5 4. Ne2 Nc6 5. Nbc3 e6 6. Bg5 Be7 7. O-O a6 8. a3
O-O 9. Ng3 h6 10. Bd2 d5 11. Ba2 b5 12. Nce2 c4 13. b3 cxd3 14. cxd3 Bxa3 15.
e5 Nd7 16. d4 Bb4 17. Be3 f5 18. Qc1 Ne7 19. Nf4 Qb6 20. Nd3 a5 21. Ne2 Bb7 22.
Nxb4 axb4 23. Qd2 Rfc8 24. Rac1 Nf8 25. h4 Bc6 26. Bb1 Be8 27. Qxb4 1/2-1/2

[Event "19. Wch 2009 Veteranos"]
[Site "Condino ITA"]
[Date "2009.10.29"]
[Round "3.20"]
[White "Plachetka, Jan"]
[Black "Acers, Jude"]
[Result "1-0"]
[WhiteElo "2378"]
[BlackElo "2226"]
[PlyCount "79"]
[EventDate "2009.10.27"]
[EventType "swiss"]
[EventRounds "11"]
[EventCountry "ITA"]
[Source "lmi"]
[SourceDate "2009.10.27"]

1. d4 d5 2. c4 Nc6 3. Nc3 dxc4 4. d5 Ne5 5. Bf4 Ng6 6. Bg3 e5 7. e4 a6 8. Bxc4
Bd6 9. Nf3 Nf6 10. Nd2 Qe7 11. Be2 O-O 12. h4 Nf4 13. Kf1 b5 14. Bf3 Bd7 15. h5
g5 16. hxg6 fxg6 17. Bh4 b4 18. Ne2 Bb5 19. Kg1 Nxe2+ 20. Bxe2 Bxe2 21. Qxe2
Qg7 22. Bg5 Nh5 23. Qe3 Qd7 24. Bh6 Rf7 25. g3 Qe7 26. Rc1 a5 27. Kg2 a4 28. f3
Ra5 29. Nc4 Rc5 30. Nxd6 cxd6 31. Rxc5 dxc5 32. Rc1 Qa7 33. Qxc5 Qxc5 34. Rxc5
Rb7 35. f4 exf4 36. e5 Kf7 37. gxf4 Ke7 38. Kf3 Kd7 39. Rc6 Rb5 40. e6+ 1-0

[Event "19. Wch 2009 Veteranos"]
[Site "Condino ITA"]
[Date "2009.10.29"]
[Round "3.21"]
[White "Stull, Norbert"]
[Black "Karasev, Vladimir I"]
[Result "1/2-1/2"]
[WhiteElo "2168"]
[BlackElo "2365"]
[PlyCount "86"]
[EventDate "2009.10.27"]
[EventType "swiss"]
[EventRounds "11"]
[EventCountry "ITA"]
[Source "lmi"]
[SourceDate "2009.10.27"]

1. d4 b5 2. e4 Bb7 3. Bd3 e6 4. Nf3 c5 5. c3 cxd4 6. cxd4 Nf6 7. Qe2 a6 8. O-O
Nc6 9. Nc3 b4 10. e5 bxc3 11. exf6 cxb2 12. fxg7 Bxg7 13. Bxb2 Nb4 14. d5 Nxd3
15. Bxg7 Rg8 16. dxe6 dxe6 17. Rfd1 Rxg7 18. Rxd3 Qf6 19. Rad1 Rg4 20. g3 Re4
21. Qd2 h6 22. Qa5 Kf8 23. Qb6 Bd5 24. Rxd5 Qxf3 25. R5d3 Re1+ 26. Rxe1 Qxd3
27. Qc5+ Kg8 28. Qe3 Qxe3 29. Rxe3 Rc8 30. Ra3 Rc6 31. Kf1 f5 32. Ke2 Kf7 33.
Kd3 e5 34. Rc3 Rd6+ 35. Ke3 Ke6 36. f3 h5 37. Rc8 h4 38. Rh8 hxg3 39. hxg3 Kd5
40. Rf8 Rg6 41. Rxf5 Rxg3 42. Kf2 Rh3 43. f4 Ke4 1/2-1/2